Fr. Conceicao Rodrigues College of Engineering

Junior Physics (Record no. 29649)

MARC details
000 -LEADER
fixed length control field 00306nam a2200145Ia 4500
082 ## - DEWEY DECIMAL CLASSIFICATION NUMBER
Classification number 530
Item number PER/ROD
100 ## - MAIN ENTRY--PERSONAL NAME
Personal name Peryshkin/ A.V./ Rodina/ N.A.
245 ## - TITLE STATEMENT
Title Junior Physics
260 ## - PUBLICATION, DISTRIBUTION, ETC.
Name of publisher, distributor, etc. Mir Publishers
Date of publication, distribution, etc. 1982
300 ## - PHYSICAL DESCRIPTION
Extent 336
546 ## - LANGUAGE NOTE
Language note ENGLISH
654 ## - SUBJECT ADDED ENTRY--FACETED TOPICAL TERMS
Focus term Physics
942 ## - ADDED ENTRY ELEMENTS (KOHA)
Koha item type BOOK
Holdings
Withdrawn status Lost status Damaged status Not for loan Collection Home library Current library Date acquired Total Checkouts Full call number Barcode Date last seen Price effective from Koha item type
        CRC Fr. Agnel's C.Rodrigues College of Engineering Fr. Agnel's C.Rodrigues College of Engineering 17/03/2023   530 PER/ROD 11621 17/03/2023 17/03/2023 BOOK